Word Ladder: Three Rock Songs Quiz Stats

 Plays Quiz Updated Jun 12, 2018

Challenge
Share
Tweet
Embed
Score 0/36 Timer 05:00
0 Plays Today
Clue 4-Letter Word % Correct
Band used to support pantsBELT
95.5%
Like a proposer's kneeBENT
94.2%
Hollywood Walk of Fame symbolSTAR
93.7%
Without costFREE
93.6%
Independence Hall fixtureBELL
92.9%
Exchange for moneySELL
92.2%
US high school dancePROM
91.4%
Move from side to sideSWAY
90.8%
Ridge on a guitar neckFRET
90.5%
Where to play 'Marco Polo'POOL
90%
Units of length; pedicure targetsFEET
89.9%
College lecturer, for shortPROF
89.1%
Professional's chargesFEES
88.9%
♪ [1] [10]: 2003 Linkin Park song ♪
Time at a hotel; remain
♪ [10] [12]: 1991 Nirvana song ♪
♫STAY♫
88.4%
Tough navy soldierSEAL
88.3%
Earth's axis extremityPOLE
87.4%
Brand with a hot ironSEAR
87%
Topic of a pre-election news storyPOLL
86.8%
Clue 4-Letter Word % Correct
Onomatopoeia often used by magiciansPOOF
86.6%
Dark skin blemishMOLE
86%
♪ [10] [12]: 1991 Nirvana song ♪
Not in the office
♪ [12] [26] [36]: 2007 debut single by The Enemy ♪
♫AWAY♫
85.4%
Well-ventilatedAIRY
84.9%
Flying geese formationsVEES
84.5%
A glutton's desireMORE
83.3%
Bad way for plans to goAWRY
83.2%
Impact markDENT
82.4%
♪ [12] [26] [36]: 2007 debut single by The Enemy ♪
Counterpart of 'to'
♫FROM♫
82.2%
Tool used for cleaving wood by splitting it along the grainFROE
78.7%
Quite cautious of dangerWARY
76.6%
Lean and sinewyWIRY
76.2%
♪ [12] [26] [36]: 2007 debut single by The Enemy ♪
At this place
♫HERE♫
75.1%
No more thanMERE
73.8%
♪ [1] [10]: 2003 Linkin Park song ♪
Word of warning
♫DON'T♫
72.1%
Not just somewhatVERY
66.6%
Toward, in FrenchVERS
66.2%
Exhibit divergenceVARY
65.5%

Today's Daily Dose

You're not logged in!

Compare scores with friends on all Sporcle quizzes.
Join for Free
OR
Log In

You Might Also Like...

Show Comments

Extras

Top Quizzes Today


Score Distribution

Your Account Isn't Verified!

In order to create a playlist on Sporcle, you need to verify the email address you used during registration. Go to your Sporcle Settings to finish the process.

Report this User

Report this user for behavior that violates our Community Guidelines.

Details: